000 00453nam a2200145Ia 4500
008 230917s9999||||xx |||||||||||||| ||und||
040 _e168797
_aMAIN
041 _aEnglish
082 _a891.431721 SH15R
100 _aसदारंगानी, हरूमल
245 0 _aरंगीन रूबाइयाँ
260 _aकलकत्ता
_bभारतीय ज्ञानपीठ
_c1961
300 _a108 पृ. p.
942 _cHN
999 _c176699
_d176699